|
|
|
|
| LEADER |
00000nam0a2200000 4500 |
| 001 |
369210 |
| 005 |
20231102012147.0 |
| 035 |
|
|
|a (RuTPU)RU\TPU\retro\26592
|
| 090 |
|
|
|a 369210
|
| 100 |
|
|
|a 20220513d1980 km y0rusy50 ca
|
| 101 |
0 |
|
|a rus
|
| 102 |
|
|
|a RU
|
| 105 |
|
|
|a y z 001zy
|
| 200 |
1 |
|
|a Поиски и разведка месторождений минеральных солей
|f Л. М. Гроховский, М. А. Гроховская
|
| 210 |
|
|
|a Москва
|c Недра
|d 1980
|
| 215 |
|
|
|a 164 с.
|
| 320 |
|
|
|a Библиогр.: с. 161-62
|
| 606 |
1 |
|
|a Минеральные соли
|x Месторождения
|2 stltpush
|3 (RuTPU)RU\TPU\subj\44063
|9 63444
|
| 610 |
1 |
|
|a поваренная соль
|
| 610 |
1 |
|
|a сульфат натрия
|
| 610 |
1 |
|
|a генетические типы
|
| 610 |
1 |
|
|a промышленные типы
|
| 610 |
1 |
|
|a поисковые работы
|
| 610 |
1 |
|
|a предварительная разведка
|
| 610 |
1 |
|
|a детальная разведка
|
| 610 |
1 |
|
|a соляные озера
|
| 610 |
1 |
|
|a каменная соль
|
| 610 |
1 |
|
|a калийно-магниевые соли
|
| 610 |
1 |
|
|a качество
|
| 675 |
|
|
|a 553.63
|v 4
|
| 700 |
|
1 |
|a Гроховский
|b Л. М.
|g Лев Михайлович
|
| 701 |
|
1 |
|a Гроховская
|b М. А.
|g Мария Александровна
|
| 801 |
|
1 |
|a RU
|b 63413507
|c 20220513
|
| 942 |
|
|
|c BK
|